| 000 | 00850nam a22002177a 4500 | ||
|---|---|---|---|
| 999 |
_c10441 _d10441 |
||
| 003 | AR-CdUCM | ||
| 008 | 190401b ||||| |||| 00| 0 spa d | ||
| 020 | _a978-603-45250-0-9 | ||
| 040 |
_aMUNICIPALIDAD PROVINCIAL DEL CUSCO _cBIBLIOTECA MUNICIPAL DEL CUSCO |
||
| 082 |
_aES / 808.068 / _bAN634 |
||
| 245 | _aAntología del cuento infantil mundial / | ||
| 260 |
_aCusco : _bCarvayo, _c2008. |
||
| 300 |
_a221 páginas ; _bIlustraciones, _c20 cm. |
||
| 505 | _aContenido: El sastrecillo ingenioso -- EL joven gigante -- Barba azul -- EL niño travieso -- La bola de cristal -- La princesa y su padre el rey... | ||
| 650 |
_aCuentos peruanos _97 |
||
| 650 |
_aLiteratura escolar _926679 |
||
| 650 |
_aSiglo XX _98 |
||
| 700 |
_aEditorial Carvayo (selección, traducción y adaptación) _927296 |
||
| 942 |
_2ddc _cLIBROS |
||
| 945 |
_apjha _d2019-04-08 |
||